MARC details
| 000 -CABECERA |
| campo de control de longitud fija |
02557nam a2200301 4500 |
| 003 - IDENTIFICADOR DEL NÚMERO DE CONTROL |
| campo de control |
EC-UNACH |
| 005 - FECHA Y HORA DE LA ÚLTIMA TRANSACCIÓN |
| campo de control |
20260318164905.0 |
| 006 - CÓDIGOS DE INFORMACIÓN DE LONGITUD FIJA--CARACTERÍSTICAS DEL MATERIAL ADICIONAL |
| campo de control de longitud fija |
s||||gr|||| 00| 00 |
| 008 - DATOS DE LONGITUD FIJA--INFORMACIÓN GENERAL |
| campo de control de longitud fija |
150116t9999 mx r gr 000 0 spa d |
| 040 ## - FUENTE DE LA CATALOGACIÓN |
| Centro catalogador/agencia de origen |
EC-UNACH |
| Centro/agencia transcriptor |
EC-UNACH |
| 041 ## - CÓDIGO DE LENGUA |
| Código de lengua del texto/banda sonora o título independiente |
spa |
| 082 04 - NÚMERO DE LA CLASIFICACIÓN DECIMAL DEWEY |
| Número de edición |
23 |
| Número de clasificación |
900 |
| Número de documento/Ítem |
L015061 |
| 100 ## - ENTRADA PRINCIPAL--NOMBRE DE PERSONA |
| Nombre de persona |
Bonilla Pulgar, Gonzalo / Nina Mayancela, Wilson / Ortega Salvador, Enrique / Vásconez Andrade, Patricio |
| 245 ## - MENCIÓN DE TÍTULO |
| Título |
Memorias de un sueño hecho realidad. Carrera de medicina, sus primeros 20 años |
| 250 ## - MENCIÓN DE EDICIÓN |
| Mención de edición |
Primera Edición |
| 264 ## - Producción, publicación, distribución, fabricación y copyright |
| Lugar de producción, publicación, distribución, fabricación |
Riobamba |
| Nombre del de productor, editor, distribuidor, fabricante |
Universidad Nacional de Chimborazo |
| Fecha de de producción, publicación, distribución, fabricación o copyright |
2023 |
| 264 ## - Producción, publicación, distribución, fabricación y copyright |
| Nombre del de productor, editor, distribuidor, fabricante |
Producción Unach |
| 300 ## - DESCRIPCIÓN FÍSICA |
| Extensión |
154 páginas |
| Otras características físicas |
gráficos, tablas. |
| 500 ## - NOTA GENERAL |
| Nota general |
Resalta el protagonismo y el aporte significativo de los docentes y estudiantes de la carrera de medicina al fortalecimiento de la comunidad universitaria de la UNACH, en cuanto, Institución de Educación Superior comprometida con la vida, la sustentabilidad ecológica, la paz, la libertad, la diversidad cultural, la democracia, la convivencia fraterna, la realización individual y colectiva, la responsabilidad social, el diálogo fluido entre personas y saberes, y la capacidad de generar estrategias efectivas para la resolución de conflictos. Igualmente, destaca la acción colectiva de docentes y estudiantes en el trabajo en pos de la acreditación de la carrera de medicina, su proyección al futuro y la formación del talento humano al servicio de la salud y al mejoramiento de las condiciones existenciales de la ciudad, la provincia y la patria ecuatoriana. |
| 501 ## - NOTA DE "CON" |
| Nota de “Con” |
Incluye índice de contenido, referencias bibliográficas |
| 505 ## - NOTA DE CONTENIDO CON FORMATO |
| Nota de contenido con formato |
Antecedentes: La Extensión en Riobamba de la Universidad Central del Ecuador y la creación de la Universidad Nacional de Chimborazo.-- La creación de la UNACH.-- Creación de la Facultad y Carrera de Medicina.-- Consolidación de la Carrera de Medicina.-- La huella docente de una carrera viva y latente.-- Staff docente actual.-- Docentes del internado rotativo.-- Carrera de Medicina, el presente y el futuro.-- Procesos de acreditación de la Carrera.-- Aporte del personal administrativo en la Carrera de Medicina.-- Promociones de graduados en la Carrera de Medicina.. |
| 856 ## - LOCALIZACIÓN Y ACCESO ELECTRÓNICOS |
| Identificador Uniforme del Recurso |
<a href="https://editorial.unach.edu.ec/index.php/Editorial/catalog/book/165">https://editorial.unach.edu.ec/index.php/Editorial/catalog/book/165</a> |
| Texto de enlace |
Libro digital - Memorias de un sueño hecho realidad |
| 942 ## - ELEMENTOS DE PUNTO DE ACCESO ADICIONAL (KOHA) |
| Fuente del sistema de clasificación o colocación |
Clasificación Decimal Dewey |
| Tipo de ítem Koha |
Libro electrónico |
| 999 ## - NÚMEROS DE CONTROL DE SISTEMA (KOHA) |
| Koha biblionumber |
11564 |